000 02505nam a2200241Ia 4500
003 Ost
005 20260507075210.0
008 260507s9999||||xx |||||||||||||| ||und||
020 _a91361099539
040 _cfsecg
041 _aara
082 _a330
100 _aوليام، هلال
_eمؤلف
245 0 _aاقتصاد القرن الحادي و العشرين :
_bأفاق اقتصادية اجتماعية لعالم متغير /
_c هلال وليام
260 _aبيروت:
_bمركز دراسات الوحدة العربية,
_c2009
300 _a624 صفحة؛
_c24 سم
504 _aمراجع ص.589 ؛ جداول ص.9 ؛ اشكال ص.11
520 _aالقوى التي تشكل النظام الاقتصادي الجديد بالتطرق الى التحولات قوى التغيير الرأسمالي ، العولمة منظور اقتصادي جغرافي ، احكام السيطرة على الطاقة الهائلة للمعرفة ، المحركات الاقليمية للاقتصاد العالمي ، البساطة الارادية هل هي حركة اجتماعية جديدة 2) النماذج الناشئة للمنشأة : المنشأة في عصر المعلومات ، المنظمات الشبكية - الخلوية ، اقتصاد السوق الداخلي ، النشاط الاقتصادي و البيئة إقتصاد نشاط الاعمال النظيف ، شركة لوفتهانزا دراسة تطبيقية 3) بين مبدأ عدم التدخل الحكومي و السياسة الصناعية : نحو تطير نومذج اقتصادي للقرن الحادي و العشرين ، الطريق نحو الدمار السيطرة الكلاسيكية الجديدة في الاقتصاديات الانتقالية ، اليايان في مواجهة القرن الحادي و العشرين ، المشروعات الاجتماعية و الديموقراية المدنية في السويد تطور مجتمع الرفاهية القائم على المشاركة للقرن الالحادي و العشرين ، السبيل الانساني للازدهار الاقتصادي ، نحو الرأسمالية الشاملة في الولايات المتحدة ، اقتصاد موجه نحو المجتمع المحلي .
653 _aالانظمة الاقتصادية
653 _aالنظام الاقتصادي العالمي الجديد
700 _aب.تايلر، كينث
_eمؤلف ثانوي
942 _cكتاب
999 _c43463
_d43463